Zimowe igrzyska olimpijskie - medale - Statystyki

Ogólne statystyki
  • Ten quiz został rozwiązany 84 razy
  • Średni wynik to 4 z 5
Statystyki odpowiedzi
Medale Dyscyplina % Poprawnych
4-5-4 Skoki narciarskie
99%
1-3-3 Łyżwiarstwo szybkie
94%
2-1-2 Biegi narciarskie
88%
0-1-0 Biathlon
76%
0-0-1 Kombinacja norweska
50%
Nie znaleziono quizów pasujących do podanych kryteriów
Rozkład punktacji
Procent ludzi z każdym wynikiem
Percentyl według liczby udzielonych odpowiedzi
Twoja historia wyników
Nie rozwiązałeś tego quizu